| 000 | 00369nam a22001337a 4500 | ||
|---|---|---|---|
| 003 | OSt | ||
| 005 | 20160727222456.0 | ||
| 008 | 160705b xxu||||| |||| 00| 0 eng d | ||
| 100 |
_92168 _a Butterworth, B |
||
| 245 | _aPeanut Butter Families Stick Together | ||
| 260 |
_aN.J _b Fleming H. Revell _c1985 |
||
| 300 | _aPeanut Butter Families Stick Together | ||
| 942 |
_2ddc _cBK |
||
| 999 |
_c1861 _d1861 |
||